|
|
|
|
| LEADER |
01648nam a2200433 a 4500 |
| 001 |
nkc20081794670 |
| 003 |
CZ PrNK |
| 005 |
20080522134720.0 |
| 007 |
ta |
| 008 |
080320s2008 xr a b 000 f cze |
| 015 |
|
|
|a cnb001794670
|
| 020 |
|
|
|a 978-80-253-0551-5
|q (váz.)
|
| 035 |
|
|
|a (OCoLC)228781661
|
| 040 |
|
|
|a ABA001
|b cze
|
| 072 |
|
7 |
|a 821.162.3-3
|x Česká próza
|2 Konspekt
|9 25
|
| 072 |
|
7 |
|a 821-93
|x Literatura pro děti a mládež (beletrie)
|2 Konspekt
|9 26
|
| 080 |
|
|
|a 821.162.3-34
|2 MRF
|
| 080 |
|
|
|a 821-93
|2 MRF
|
| 080 |
|
|
|a (0:82-34)
|2 MRF
|
| 100 |
1 |
|
|a Kopecká, Slávka,
|d 1945-
|7 jn20000710268
|4 aut
|
| 245 |
1 |
0 |
|a České pohádky /
|c [K.J. Erben, B. Němcová] ; převyprávěla Slávka Kopecká ; ilustrace Otakar Čemus
|
| 250 |
|
|
|a 1. vyd.
|
| 260 |
|
|
|a Praha :
|b Fragment,
|c 2008
|
| 300 |
|
|
|a 63 s. :
|b barev. il. ;
|c 30 cm
|
| 490 |
1 |
|
|a Pohádky pro předškoláky
|
| 655 |
|
7 |
|a české pohádky
|7 fd133970
|2 czenas
|
| 655 |
|
7 |
|a publikace pro děti
|7 fd133156
|2 czenas
|
| 655 |
|
9 |
|a Czech fairy tales
|2 eczenas
|
| 655 |
|
9 |
|a children's literature
|2 eczenas
|
| 700 |
1 |
|
|a Erben, Karel Jaromír,
|d 1811-1870
|7 jk01030532
|4 ant
|
| 700 |
1 |
|
|a Němcová, Božena,
|d 1820-1862
|7 jk01083016
|4 ant
|
| 700 |
1 |
|
|a Čemus, Otakar,
|d 1928-2021
|7 jk01021228
|4 ill
|
| 830 |
|
0 |
|a Pohádky pro předškoláky
|0 s
|
| 856 |
4 |
1 |
|u http://www.digitalniknihovna.cz/mzk/uuid/uuid:aac5cf10-0a4d-11e8-a0cf-005056827e52
|y Digitalizovaný dokument
|x NDK
|
| 910 |
2 |
|
|a BOA001
|b 4-1200.986
|
| 990 |
|
|
|a BK
|
| 995 |
|
|
|a 01
|
| 991 |
|
|
|b 200803
|
| 996 |
6 |
|
|b 2610337780
|c 4-1200.986
|l MZK
|r Sklad / do 1 hodiny
|n 0
|p p.v.
|w 000888555
|u 000010
|a 1
|e BOA001
|j MZK50
|s P
|